01302nam a22001457a 4500999001900000008004100019100006300060245007800123260003400201300003300235520073900268773003401007942000701041952010801048 c533789d533789260624b ||||| |||| 00| 0 eng d aAgarwal, Priti Narayan, Akanksha and Dutta, Aaina 961316 aMangroves in India: Spatial and temporal dynamics of carbon sequestration aEconomic & Political Weekly  a61(23), Jun 6, 2026: p.18-21 aMangroves are critical carbon sinks, yet changes in their extent and density complicate assessments of carbon sequestration potential. Using recent data (2021–23), this article examines spatial and temporal shifts in India’s mangrove cover across states and density classes. While transitions towards denser categories enhance ecological function, simultaneous divergent changes require nuanced interpretation. By incorporating carbon stock differentials across density classes, the analysis shows that West Bengal and Tamil Nadu experienced net losses in carbon storage potential, whereas Gujarat and Odisha registered net gains over 2021–23. – Reproduced https://www.epw.in/journal/2026/23/commentary/mangroves-india.html  aEconomic & Political Weekly  cAR 00102ddc40709408969aIIPAbIIPAd2026-06-24h61(23), Jun 6, 2026: p.18-21pAR139251r2026-06-24yAR